DRAVYAGUNA HASTAMALAK (Record no. 16619)

MARC details
000 -LEADER
fixed length control field 00322nam a22001457a 4500
003 - CONTROL NUMBER IDENTIFIER
control field SGT
020 ## - INTERNATIONAL STANDARD BOOK NUMBER
International Standard Book Number 81-8182-021-5
082 ## - DEWEY DECIMAL CLASSIFICATION NUMBER
Classification number 615.53
Item number D17M
100 ## - MAIN ENTRY--PERSONAL NAME
Personal name MISHRA, LAL.BANWARI
245 ## - TITLE STATEMENT
Title DRAVYAGUNA HASTAMALAK
260 ## - PUBLICATION, DISTRIBUTION, ETC. (IMPRINT)
Place of publication, distribution, etc JAIPUR
Name of publisher, distributor, etc SARAN BOOK DIPO
Year of Publication 2017
300 ## - PAGE DESCRIPTION
No. of Pages 539
650 ## - SUBJECT ADDED ENTRY--TOPICAL TERM
Topical term or geographic name as entry element AYURVEDA
942 ## - ADDED ENTRY ELEMENTS (KOHA)
Source of classification or shelving scheme Dewey Decimal Classification
Koha item type Books
942 ## - ADDED ENTRY ELEMENTS (KOHA)
-- 3
Holdings
Withdrawn status Lost status Source of classification or shelving scheme Damaged status Not for loan Collection code Home library Current library Shelving location Date acquired Vendor Name Cost, normal purchase price SGTU Bill Number Total Checkouts Full call number Accession No. (Barcode) Date last seen Date last borrowed Bill Date Koha item type
    Dewey Decimal Classification     AYURVEDA SGT FA-FP Library SGT FA-FP Library Text Book 22/01/2019 CHAUKHAMBA PUB 650.00 SGTU 1338 4 615.53 D17M FA8876 18/05/2026 18/05/2026 16/01/2019 Books
    Dewey Decimal Classification     AYURVEDA SGT FA-FP Library SGT FA-FP Library Text Book 22/01/2019 CHAUKHAMBA PUB 650.00 SGTU 1338   615.53 D17M FA8877 22/01/2019   16/01/2019 Books
    Dewey Decimal Classification     AYURVEDA SGT FA-FP Library SGT FA-FP Library Text Book 22/01/2019 CHAUKHAMBA PUB 650.00 SGTU 1338   615.53 D17M FA8878 22/01/2019   16/01/2019 Books
    Dewey Decimal Classification     AYURVEDA SGT FA-FP Library SGT FA-FP Library Text Book 22/01/2019 CHAUKHAMBA PUB 650.00 SGTU 1338 2 615.53 D17M FA8879 18/02/2025 17/02/2025 16/01/2019 Books
    Dewey Decimal Classification     AYURVEDA SGT FA-FP Library SGT FA-FP Library Text Book 22/01/2019 CHAUKHAMBA PUB 650.00 SGTU 1338 1 615.53 D17M FA8880 18/02/2025 17/02/2025 16/01/2019 Books